| 000 | 00544nam a22001817a 4500 | ||
|---|---|---|---|
| 003 | OSt | ||
| 005 | 20221109215923.0 | ||
| 008 | 221006b |||||||| |||| 00| 0 eng d | ||
| 020 | _a87-89783-72-7 | ||
| 040 | _cBiblioteca Lado V | ||
| 082 |
_a708 _bM727r |
||
| 100 |
_9354 _aMolnar, Edit _ecuradora |
||
| 245 | _aReal Time Wind in my garden Uncontrolled/ | ||
| 260 |
_aCopenhagen, Dinamarca _c2001 _bWinter Grafik |
||
| 300 |
_c17x24cm _a56p. |
||
| 700 |
_aBonito Oliva, Achille _etextos |
||
| 942 |
_2ddc _c1 _h708 _iM727r _n0 |
||
| 999 |
_c2551 _d2551 |
||